[Event "It (Open) Leutersdorf GER"]
[Site "?"]
[Date "2006.02.13"]
[Round "4"]
[White "Mlodzinska Irena"]
[Black "Schiwarth Marcel"]
[Result "0-1"]
[WhiteElo "1871"]
[BlackElo "1996"]
[PlyCount "74"]
[EventDate "2006.??.??"]
[Source "www.chesslib.no"]
[SourceDate "2004.05.04"]

1. e4 e5 2. Nf3 Nf6 3. d4 exd4 4. e5 Nd5 5. Qxd4 Nb6 6. Be2 Nc6 7. Qd1 Be7 8. Nc3 O-O 9. Bf4 a6 10. h4 Bb4 11. Qd2 Bxc3 12. bxc3 Qe7 13. g4 Qe6 14. Nd4 Nxd4 15. cxd4 d6 16. Qd3 Nd7 17. d5 Qe7 18. exd6 cxd6 19. g5 Nc5 20. Qd4 h5 21. Be3 g6 22. f3 Bf5 23. c4 Rae8 24. Kf2 f6 25. gxf6 Rxf6 26. Rhg1 Kh7 27. Qd2 Rf7 28. Bg5 Qe5 29. Bf4 Qf6 30. Bg5 Qg7 31. Rad1 Bg4 32. Bf4 Qf6 33. Kg3 Rxe2 34. Qc1 Rh2 35. Kxh2 Qxh4+ 36. Kg2 Qh3+ 37. Kf2 Qxf3+ 0-1

[Event "Wattens op 15th"]
[Site "?"]
[Date "2000.08.31"]
[Round "6"]
[White "Pregl Walter"]
[Black "Mikulic Oliver"]
[Result "0-1"]
[WhiteElo "2032"]
[BlackElo "1835"]
[PlyCount "92"]
[EventDate "2000.??.??"]
[Source "www.chesslib.no"]
[SourceDate "2004.05.04"]

1. e4 e5 2. Nf3 Nf6 3. d4 d5 4. exd5 e4 5. Ne5 Nxd5 6. Bc4 Be6 7. Qe2 f6 8. Qh5+ g6 9. Nxg6 Bf7 10. O-O c6 11. Nc3 Bxg6 12. Qh3 Qd7 13. Qxd7+ Nxd7 14. Nxd5 cxd5 15. Bxd5 O-O-O 16. Bf4 Re8 17. Rfe1 h5 18. Re3 Kd8 19. Bxb7 Bh6 20. Bxh6 Rxh6 21. Bc6 Re7 22. Bxd7 Rxd7 23. c3 f5 24. g3 h4 25. Rc1 Bh5 26. b4 Bf3 27. a4 f4 28. gxf4 Rg6+ 29. Kf1 Rg2 30. h3 Rh2 31. Ke1 Rg7 32. Rxf3 exf3 33. Kd2 Rxf2+ 34. Ke3 Rgg2 35. Rd1 Rc2 36. Kxf3 Rg3+ 37. Ke4 Rxh3 38. Rf1 Rg3 39. f5 h3 40. f6 Ke8 41. d5 h2 42. d6 Rg1 43. f7+ Kf8 44. d7 h1=Q+ 45. Kd3 Rd2+ 46. Kxd2 Qd5+ 0-1

[Event "C1.1999.0.00220"]
[Site "?"]
[Date "1999.??.??"]
[Round "?"]
[White "Bujdak Pavol"]
[Black "Portune Frank R"]
[Result "1/2-1/2"]
[WhiteElo "1900"]
[BlackElo "1965"]
[PlyCount "80"]
[EventDate "1999.??.??"]
[Source "www.chesslib.no"]
[SourceDate "2004.05.04"]

1. e4 e5 2. Nf3 Nf6 3. d4 exd4 4. e5 Nd5 5. Qxd4 Nb6 6. Nc3 Nc6 7. Qe4 Be7 8. Bd2 d5 9. exd6 cxd6 10. O-O-O d5 11. Qf4 O-O 12. Bd3 Bd6 13. Qg5 Nb4 14. Be2 Qxg5 15. Bxg5 Be6 16. a3 Nc6 17. Be3 Rad8 18. Nb5 Bb8 19. Bxb6 axb6 20. Rhe1 Rfe8 21. h3 Re7 22. c3 Bf5 23. Bd3 Rxe1 24. Nxe1 Be4 25. f3 Bxd3 26. Nxd3 d4 27. Nf2 Bg3 28. Nd3 dxc3 29. b3 f5 30. Nxc3 Nd4 31. Kb2 Kf7 32. Nb4 Be5 33. Nc2 g5 34. Nxd4 Rxd4 35. Rxd4 Bxd4 36. Kc2 Ke6 37. Ne2 Bc5 38. a4 h5 39. Kd3 Ke5 40. g4 h4 1/2-1/2

[Event "GER-chT Lander (Women)"]
[Site "?"]
[Date "2003.04.04"]
[Round "2.6"]
[White "Nattermueller Irina"]
[Black "Klein Sabine"]
[Result "1-0"]
[WhiteElo "2032"]
[BlackElo "1824"]
[PlyCount "119"]
[EventDate "2003.??.??"]
[Source "www.chesslib.no"]
[SourceDate "2004.05.04"]

1. e4 e5 2. Nf3 Nf6 3. d4 exd4 4. e5 Nd5 5. Nxd4 Nb6 6. Bd3 g6 7. O-O Bg7 8. Re1 O-O 9. Nf3 h6 10. Bf4 Nc6 11. Nc3 Re8 12. Qd2 Kh7 13. h4 Ne7 14. Rad1 Ng8 15. Be4 d6 16. exd6 c6 17. h5 Bg4 18. hxg6+ fxg6 19. Qd3 Re6 20. Re3 Nd7 21. b4 Qf6 22. Ne2 Rae8 23. Bg3 Bxf3 24. Rxf3 Qd8 25. Re3 Ne5 26. Qb3 Rxd6 27. Re1 Rd1 28. Nf4 Qd2 29. Kf1 Nf6 30. Rxd1 Qxd1+ 31. Re1 Qd7 32. Qe3 Nxe4 33. Qxe4 Rf8 34. Nh5 Ng4 35. Nxg7 Kxg7 36. Qe7+ Rf7 37. Qxd7 Rxd7 38. Ke2 Kf7 39. Kf3 h5 40. Ke2 Re7+ 41. Kd2 Rd7+ 42. Kc3 Rd5 43. f3 Nf6 44. Bf2 a5 45. a3 Rb5 46. Bc5 axb4+ 47. axb4 Nd5+ 48. Kc4 Nb6+ 49. Kd4 Nd5 50. c4 Rxb4 51. Bxb4 Nxb4 52. Rb1 b6 53. Rxb4 c5+ 54. Kc3 cxb4+ 55. Kxb4 Ke6 56. Kb5 Kd7 57. Kxb6 Kc8 58. f4 h4 59. Kc6 h3 60. gxh3 1-0

[Event "Sant Marti op 4th"]
[Site "?"]
[Date "2002.05.25"]
[Round "8.14"]
[White "Moreno Fernandez Hector"]
[Black "Saez Ortega Jose"]
[Result "1-0"]
[WhiteElo "1870"]
[BlackElo "1975"]
[PlyCount "49"]
[EventDate "2002.??.??"]
[Source "www.chesslib.no"]
[SourceDate "2004.05.04"]

1. e4 e5 2. Nf3 Nf6 3. d4 exd4 4. e5 Nd5 5. Qxd4 Nb6 6. Bd3 Nc6 7. Qe4 Nb4 8. Nc3 Nxd3+ 9. cxd3 Be7 10. a4 a5 11. Qg4 g6 12. Qg3 d5 13. d4 h5 14. Bg5 Bg4 15. Bxe7 Qxe7 16. Nd2 c6 17. O-O O-O 18. h3 Bf5 19. Nf3 Bd7 20. Ne2 Kh7 21. b3 f5 22. Nf4 Rg8 23. Rae1 Be6 24. Nxe6 Qxe6 25. Ng5+ 1-0

[Event "Ruhr-ch Seniors 5th"]
[Site "Germany"]
[Date "1998.??.??"]
[Round "8"]
[White "Zrinscak, Stephen"]
[Black "Metschan, Helmuth"]
[Result "0-1"]
[WhiteElo "1960"]
[BlackElo "1875"]
[PlyCount "84"]
[EventDate "1998.??.??"]
[Source "www.chesslib.no"]
[SourceDate "2004.05.04"]

1. e4 e5 2. Nf3 Nf6 3. d4 exd4 4. e5 Qe7 5. Be2 Nd5 6. O-O Nc6 7. Bc4 Qc5 8. b3 b5 9. Bxd5 Qxd5 10. Nc3 Qc5 11. Ne4 Qd5 12. Re1 Be7 13. Nf6+ gxf6 14. exf6 d6 15. fxe7 Rg8 16. Nh4 Bg4 17. f3 Be6 18. Qd3 Qh5 19. Re4 Kxe7 20. Bd2 Kd7 21. Rae1 a6 22. Kh1 Rae8 23. c3 Bd5 24. Rxe8 Rxe8 25. Rxe8 Kxe8 26. Nf5 Qg6 27. g4 Ne5 28. Qxd4 Bxf3+ 29. Kg1 Bxg4 30. Nh4 Qf6 31. Qf2 Qxh4 32. Qxh4 Nf3+ 33. Kf2 Nxh4 34. Kg3 Nf3 35. Be3 Bh5 36. h3 Ke7 37. Kf4 Ke6 38. b4 f6 39. a3 Ng5 40. h4 Nf3 41. Bf2 Nd2 42. Be3 Nb1 0-1

[Event "DDR Ch women"]
[Site "Plauen"]
[Date "1980.??.??"]
[Round "5"]
[White "Jahn, Constanze"]
[Black "Kube, Hannelore"]
[Result "0-1"]
[WhiteElo "1930"]
[BlackElo "1900"]
[PlyCount "44"]
[EventDate "1980.02.??"]
[Source "www.chesslib.no"]
[SourceDate "2004.05.04"]

1. e4 e5 2. Nf3 Nf6 3. d4 d5 4. dxe5 Nxe4 5. Bd3 Bf5 6. O-O Nc6 7. c3 Bc5 8. b4 Bb6 9. b5 Ne7 10. Qc2 O-O 11. Nh4 Bg6 12. Nxg6 fxg6 13. Bxe4 dxe4 14. Bg5 Rf5 15. Bxe7 Qxe7 16. Qxe4 Raf8 17. Nd2 Rxf2 18. Rxf2 Rxf2 19. Qd5+ Kh8 20. Kh1 c6 21. bxc6 bxc6 22. Qd3 Qg5 0-1

[Event "Schloss Schney"]
[Site "?"]
[Date "2003.06.16"]
[Round "4.9"]
[White "Weigel Herbert"]
[Black "Fritsch Wolfgang"]
[Result "1-0"]
[WhiteElo "2094"]
[BlackElo "1733"]
[PlyCount "83"]
[EventDate "2003.??.??"]
[Source "www.chesslib.no"]
[SourceDate "2004.05.04"]

1. e4 e5 2. Nf3 Nf6 3. d4 d5 4. Nxe5 Nxe4 5. Bd3 Bf5 6. O-O Be7 7. c4 c6 8. Qf3 Be6 9. cxd5 cxd5 10. Bb5+ Kf8 11. Nc3 Nf6 12. Ne2 Qb6 13. Ba4 Qb4 14. Bb3 Nc6 15. Rd1 Rd8 16. Bg5 Ne4 17. Be3 Bf6 18. Nf4 Qd6 19. Nxc6 bxc6 20. Rac1 Bd7 21. Nd3 h5 22. h3 Ng5 23. Bxg5 Bxg5 24. Ne5 Bf6 25. Qg3 Bxe5 26. dxe5 Qe6 27. f4 f5 28. Qe3 Ra8 29. Rc5 Kf7 30. Ra5 a6 31. Qe2 Bc8 32. Raxd5 cxd5 33. Bxd5 Ra7 34. Bxe6+ Bxe6 35. Rd6 a5 36. Qd1 Bxa2 37. Rd7+ Rxd7 38. Qxd7+ Kg6 39. e6 Bb3 40. Qf7+ Kh6 41. Qxf5 g6 42. Qf6 1-0

[Event "Madrid-ch Fase Previa-A"]
[Site "?"]
[Date "2002.10.28"]
[Round "4.8"]
[White "Cano Mercado Francisco"]
[Black "Lopez Mansilla Vicente"]
[Result "1-0"]
[WhiteElo "1978"]
[BlackElo "1837"]
[PlyCount "91"]
[EventDate "2002.??.??"]
[Source "www.chesslib.no"]
[SourceDate "2004.05.04"]

1. e4 e5 2. Nf3 Nf6 3. d4 exd4 4. e5 Qe7 5. Qe2 Nd5 6. Nxd4 Qb4+ 7. c3 Qa5 8. Nb3 Qb6 9. Qe4 Ne7 10. Be3 Qc6 11. N1d2 Ng6 12. f4 Qxe4 13. Nxe4 Nc6 14. Bc4 Be7 15. Nd4 Nxd4 16. cxd4 Bb4+ 17. Kf2 O-O 18. a3 Ba5 19. h4 Ne7 20. g4 Re8 21. Ng5 Rf8 22. f5 a6 23. b4 Bb6 24. Nf3 d5 25. Bd3 Nc6 26. Rag1 Bd7 27. h5 Na7 28. g5 Nb5 29. a4 Nc3 30. a5 Ba7 31. Nd2 Rad8 32. f6 Ne4+ 33. Nxe4 dxe4 34. Bxe4 Ba4 35. Rg4 Bd7 36. Rf4 Be6 37. Bxb7 Rb8 38. d5 Bxe3+ 39. Kxe3 Bd7 40. Bxa6 gxf6 41. gxf6 c6 42. dxc6 Bxc6 43. Rg1+ Kh8 44. Rg7 Bb5 45. Bxb5 Rxb5 46. Re4 1-0

[Event "CP.1999.P.00071"]
[Site "?"]
[Date "1999.??.??"]
[Round "?"]
[White "Benatar Eric"]
[Black "Birzer Lothar"]
[Result "0-1"]
[WhiteElo "2075"]
[BlackElo "1740"]
[PlyCount "155"]
[EventDate "1999.??.??"]
[Source "www.chesslib.no"]
[SourceDate "2004.05.04"]

1. e4 e5 2. Nf3 Nf6 3. d4 exd4 4. e5 Nd5 5. Qxd4 Nb6 6. Nc3 Nc6 7. Qe4 Bb4 8. Bg5 Bxc3+ 9. bxc3 Ne7 10. Rd1 h6 11. Bh4 c6 12. Nd2 d5 13. exd6 Qxd6 14. Nc4 Qe6 15. Nd6+ Kf8 16. Qxe6 Bxe6 17. Nxb7 Bxa2 18. Bxe7+ Kxe7 19. Na5 Rhe8 20. Nxc6+ Kf8+ 21. Kd2 Bd5 22. Nd4 a5 23. f3 a4 24. Rb1 a3 25. Rxb6 Re1 26. Bc4 Rxh1 27. Bxd5 a2 28. Bxa2 Rxa2 29. Rb8+ Ke7 30. h3 g6 31. Rb7+ Kf6 32. Rb6+ Kg7 33. Ke2 h5 34. f4 Raa1 35. Nf3 Ra2 36. Nd4 Ra7 37. f5 g5 38. f6+ Kh7 39. c4 Rc7 40. Nf3 g4 41. hxg4 Rxc4 42. gxh5 Rxc2+ 43. Ke3 Rxh5 44. g4 Ra5 45. Rb3 Kg6 46. g5 Rca2 47. Kf4 R2a4+ 48. Kg3 Kf5 49. Rd3 Ra3 50. Rd4 R5a4 51. Rd5+ Kg6 52. Re5 Rd4 53. Re8 Rdd3 54. Kg4 Rxf3 55. Rg8+ Kh7 56. Rg7+ Kh8 57. Rxf7 Rg3+ 58. Kh5 Kg8 59. Rg7+ Kf8 60. Kg6 Ra5 61. Kh6 Re5 62. Kh5 Rf3 63. Kg6 Rff5 64. Kh6 Rd5 65. Rg6 Rd7 66. Kh5 Rh7+ 67. Kg4 Re5 68. f7 Rg7 69. Rc6 Rgxg5+ 70. Kf3 Rgf5+ 71. Kg4 Kxf7 72. Rc7+ Kg6 73. Rc8 Re4+ 74. Kg3 Re1 75. Rd8 Rg1+ 76. Kh2 Rfg5 77. Rd6+ Kh5 78. Rd2 0-1

[Event "Schenectady,NY"]
[Site "?"]
[Date "2003.03.23"]
[Round "3"]
[White "Townsend William T"]
[Black "Castano Dario J"]
[Result "0-1"]
[WhiteElo "1944"]
[BlackElo "1868"]
[PlyCount "88"]
[EventDate "2003.??.??"]
[Source "www.chesslib.no"]
[SourceDate "2004.05.04"]

1. e4 e5 2. Nf3 Nf6 3. d4 exd4 4. e5 Qe7 5. Be2 Nd5 6. Qxd4 Nb4 7. Na3 N8c6 8. Qf4 a6 9. O-O h6 10. Bc4 b5 11. Bb3 Nd8 12. c3 Nd3 13. Qe4 Nxc1 14. Raxc1 Bb7 15. Qe2 Ne6 16. Bxe6 dxe6 17. Rcd1 Qc5 18. Nd4 Be7 19. b4 Qb6 20. Nac2 O-O 21. a3 c5 22. Nb3 Bd5 23. bxc5 Bxc5 24. Nxc5 Qxc5 25. Ne3 Rfd8 26. Nxd5 Rxd5 27. a4 Rxe5 28. Qc2 b4 29. c4 Rc8 30. h3 Qxc4 31. Rd8+ Rxd8 32. Qxc4 a5 33. Rc1 Red5 34. Qc7 b3 35. Qc3 Rd3 36. Qxa5 b2 37. Rf1 Rd1 38. Qb5 Rxf1+ 39. Qxf1 Rc8 40. Kh2 Rc1 41. Qb5 b1=Q 42. Qe8+ Kh7 43. Qxf7 Qb8+ 44. g3 Qa8 0-1

[Event "Grieskirchen (09.11.-21.11)"]
[Site "?"]
[Date "1998.11.09"]
[Round "1"]
[White "Zyla Winfried"]
[Black "Kraemer Franz-Josef"]
[Result "0-1"]
[WhiteElo "2032"]
[BlackElo "1736"]
[PlyCount "72"]
[EventDate "1998.??.??"]
[Source "www.chesslib.no"]
[SourceDate "2004.05.04"]

1. e4 e5 2. Nf3 Nf6 3. d4 exd4 4. e5 Nd5 5. Qxd4 Nb4 6. Qd1 d5 7. a3 N4c6 8. Bd3 Be7 9. O-O Bg4 10. Re1 Nd7 11. Bb5 O-O 12. Bf4 Nc5 13. Bxc6 bxc6 14. h3 Ne6 15. hxg4 Nxf4 16. Nd4 Qd7 17. Nc3 c5 18. Nf5 c6 19. Qf3 Bg5 20. Rad1 g6 21. Ng3 Qe7 22. Nh1 Ne6 23. Qe2 Nd4 24. Qd3 Qd7 25. Ne2 Ne6 26. Nhg3 Qc7 27. Qc3 Rae8 28. b4 f6 29. exf6 Bxf6 30. Qb3 Nd4 31. Qd3 Nxe2+ 32. Rxe2 Rxe2 33. Nxe2 c4 34. Qe3 Qd7 35. Qc5 Qxg4 36. Ng3 Qxd1+ 0-1

[Event "San Jose op"]
[Site "San Jose"]
[Date "1998.??.??"]
[Round "2"]
[White "Navarro Castan, Jesus"]
[Black "Penafiel, R."]
[Result "1-0"]
[WhiteElo "2000"]
[BlackElo "1765"]
[PlyCount "59"]
[EventDate "1998.??.??"]
[Source "www.chesslib.no"]
[SourceDate "2004.05.04"]

1. e4 e5 2. Nf3 Nf6 3. d4 exd4 4. e5 Qe7 5. Be2 Ng4 6. O-O Nxe5 7. Re1 Qf6 8. Nxe5 Bc5 9. Nd3 Be7 10. Bf4 Na6 11. Be5 Qh6 12. Bxd4 O-O 13. Nc3 c5 14. Be3 Bg5 15. Bxg5 Qxg5 16. Bf3 d6 17. Qc1 Qg6 18. Nf4 Qg5 19. Nfd5 Qxc1 20. Raxc1 Be6 21. Ne7+ Kh8 22. Bxb7 Rae8 23. Bxa6 Rxe7 24. Bc4 Rfe8 25. Bxe6 Rxe6 26. Rxe6 Rxe6 27. Kf1 a6 28. Re1 g6 29. Rxe6 fxe6 30. Ne4 1-0

[Event "corr C1998P.004"]
[Site "?"]
[Date "1998.??.??"]
[Round "?"]
[White "Brants, Thorsten"]
[Black "Toye, Daniel"]
[Result "1-0"]
[WhiteElo "1960"]
[BlackElo "1800"]
[PlyCount "23"]
[EventDate "1998.??.??"]
[Source "www.chesslib.no"]
[SourceDate "2004.05.04"]

1. e4 e5 2. Nf3 Nf6 3. d4 exd4 4. e5 Nd5 5. Qxd4 Nb4 6. Qe4 d5 7. exd6+ Kd7 8. Ne5+ Ke8 9. Bb5+ c6 10. Nxc6+ Kd7 11. Nxd8+ Kxd8 12. Qe8# 1-0

[Event "Corr"]
[Site "?"]
[Date "1999.09.15"]
[Round "?"]
[White "McDonald Graham R"]
[Black "Martin Dennis"]
[Result "1/2-1/2"]
[WhiteElo "1947"]
[BlackElo "1756"]
[PlyCount "47"]
[EventDate "1999.??.??"]
[Source "www.chesslib.no"]
[SourceDate "2004.05.04"]

1. e4 e5 2. Nf3 Nf6 3. d4 exd4 4. e5 Nd5 5. Qxd4 Nb4 6. Qe4 Be7 7. a3 N4c6 8. Bd3 d6 9. exd6 cxd6 10. Nc3 Be6 11. O-O d5 12. Qe2 O-O 13. Bf4 Nd7 14. Rfe1 Re8 15. Nb5 Rc8 16. Nfd4 Nxd4 17. Nxd4 Bf6 18. Nxe6 fxe6 19. Qg4 e5 20. Qh3 exf4 21. Qxh7+ Kf8 22. Qh8+ Kf7 23. Qh5+ Kf8 24. Qh8+ 1/2-1/2

[Event "FRA-chT3 01"]
[Site "?"]
[Date "2001.03.11"]
[Round "7"]
[White "Raimbault Frederic"]
[Black "Poileux Michel"]
[Result "1-0"]
[WhiteElo "1749"]
[BlackElo "1940"]
[PlyCount "65"]
[EventDate "2001.??.??"]
[Source "www.chesslib.no"]
[SourceDate "2004.05.04"]

1. e4 e5 2. Nf3 Nf6 3. d4 exd4 4. e5 Ne4 5. c3 d5 6. exd6 Nxd6 7. Nxd4 Be7 8. Bd3 O-O 9. Qf3 c5 10. Ne2 c4 11. Bc2 Nc6 12. Be3 Bf6 13. Bc5 Re8 14. O-O Bf5 15. Bxf5 Nxf5 16. Nf4 Qa5 17. Be3 Nxe3 18. fxe3 Ne5 19. Qd5 Qb6 20. Nh5 Qxe3+ 21. Kh1 Rad8 22. Qb5 a6 23. Nxf6+ gxf6 24. Qxb7 Rb8 25. Qc7 Qe2 26. Na3 Rxb2 27. Rg1 Ng4 28. h3 Nf2+ 29. Kh2 Reb8 30. Rae1 Qd3 31. Nxc4 R2b7 32. Qf4 Rc8 33. Nd6 1-0

[Event "Schleswig Holstein-ch 56th"]
[Site "?"]
[Date "2001.04.??"]
[Round "1"]
[White "Ruiz Hampel Enrique"]
[Black "Bethke Birger"]
[Result "1/2-1/2"]
[WhiteElo "1887"]
[BlackElo "1798"]
[PlyCount "53"]
[EventDate "2001.??.??"]
[Source "www.chesslib.no"]
[SourceDate "2004.05.04"]

1. e4 e5 2. Nf3 Nf6 3. d4 exd4 4. e5 Qe7 5. Be2 Ng4 6. Qxd4 d6 7. Bg5 dxe5 8. Bxe7 exd4 9. Bxf8 Rxf8 10. Nxd4 Bd7 11. O-O Nf6 12. Bf3 c6 13. Nc3 Na6 14. Rfe1+ Kd8 15. Rad1 Kc7 16. a3 Rae8 17. Nde2 Re5 18. b4 Rfe8 19. Kf1 Be6 20. Rd2 Bc4 21. Nd1 c5 22. Ne3 Be6 23. b5 Nb8 24. a4 Nbd7 25. Nc3 Nb6 26. Be2 Nbd5 27. Nc4 1/2-1/2

[Event "SLO-ch blind"]
[Site "?"]
[Date "2001.??.??"]
[Round "?"]
[White "Muri Emil"]
[Black "Popovic Dragi"]
[Result "1-0"]
[WhiteElo "1975"]
[BlackElo "1690"]
[PlyCount "62"]
[EventDate "2001.??.??"]
[Source "www.chesslib.no"]
[SourceDate "2004.05.04"]

1. e4 e5 2. Nf3 Nf6 3. d4 d5 4. Nxe5 dxe4 5. Bc4 Nd5 6. O-O c6 7. Re1 Be6 8. Rxe4 Bd6 9. Re1 O-O 10. Nd2 Nd7 11. Ndf3 N7f6 12. Bg5 Nc7 13. Bh4 Be7 14. c3 Nfd5 15. Bxe7 Qxe7 16. Qb3 Nb6 17. Bxe6 Qxe6 18. Qc2 Rfe8 19. Ng5 Qh6 20. Ngxf7 Qf6 21. Qb3 Re6 22. Nd6 Rb8 23. Ne4 Qf5 24. Nc5 Rf8 25. Nxe6 Qxf2+ 26. Kh1 Nxe6 27. Qxe6+ Kh8 28. h3 Nd5 29. Rf1 Nf4 30. Rxf2 Nxe6 31. Rxf8+ Nxf8 1-0

[Event "Sarpsborg"]
[Site "?"]
[Date "2002.03.08"]
[Round "8"]
[White "Rangøy Tormod"]
[Black "Solberg Joachim"]
[Result "0-1"]
[WhiteElo "1657"]
[BlackElo "2007"]
[PlyCount "96"]
[EventDate "2002.??.??"]
[Source "www.chesslib.no"]
[SourceDate "2004.05.04"]

1. e4 e5 2. Nf3 Nf6 3. d4 exd4 4. e5 Ne4 5. Nxd4 d5 6. Be2 Bc5 7. c3 O-O 8. O-O Bb6 9. Be3 f6 10. exf6 Qxf6 11. Nf3 c6 12. Bxb6 axb6 13. Nbd2 Bf5 14. Nd4 Nxd2 15. Qxd2 Na6 16. b4 b5 17. f3 Bg6 18. Rfe1 Nc7 19. Bd3 Rae8 20. Nb3 Bxd3 21. Qxd3 Rxe1+ 22. Rxe1 Re8 23. Rxe8+ Nxe8 24. Nc5 Nd6 25. Kf2 Qh4+ 26. Kf1 Qxh2 27. Qe2 Qh1+ 28. Kf2 Qh4+ 29. Kg1 Qf6 30. g3 Kf7 31. Kg2 Qe7 32. Qd2 g5 33. g4 Nc4 34. Qd3 Kg7 35. Qd4+ Kg8 36. Kf2 Qc7 37. Kg2 b6 38. Nb3 Qa7 39. Qf2 Qe7 40. Nd4 Ne3+ 41. Kg1 Qe5 42. Nxc6 Qxc3 43. Ne7+ Kf7 44. Nf5 Nxf5 45. gxf5 d4 46. Qe2 Qe3+ 47. Kf1 Qxe2+ 48. Kxe2 Kf6 0-1

[Event "17sen.Wörishofen op"]
[Site "?"]
[Date "2001.??.??"]
[Round "5"]
[White "Forth Bernhard"]
[Black "Hartmann Rudi[27Herborn"]
[Result "1-0"]
[WhiteElo "1895"]
[BlackElo "1763"]
[PlyCount "84"]
[EventDate "2001.??.??"]
[Source "www.chesslib.no"]
[SourceDate "2004.05.04"]

1. e4 e5 2. Nf3 Nf6 3. d4 exd4 4. e5 Qe7 5. Be2 Qb4+ 6. c3 dxc3 7. bxc3 Qb6 8. exf6 Qxf6 9. O-O Bc5 10. Be3 Bxe3 11. fxe3 O-O 12. Qc2 d6 13. Nbd2 Qe7 14. e4 Nd7 15. Rae1 Ne5 16. Nxe5 dxe5 17. Kh1 Be6 18. Bc4 c6 19. Bxe6 Qxe6 20. Nf3 f6 21. Qb3 Qxb3 22. axb3 Rad8 23. Rd1 b5 24. b4 g5 25. g4 Kg7 26. Kg2 Kg6 27. h3 Kg7 28. Kf2 Kf7 29. Ke2 Ke7 30. Rd2 Rxd2+ 31. Nxd2 Rd8 32. Ra1 Rd7 33. Ra6 Rc7 34. Nb3 Kd7 35. Nc5+ Kd6 36. Ra1 Ke7 37. Rd1 Rc8 38. Kf3 Ke8 39. h4 h6 40. hxg5 hxg5 41. Rh1 Ke7 42. Rh7+ Kd6 1-0

[Event "Championnat de France Pupille"]
[Site "?"]
[Date "2004.04.18"]
[Round "1.3"]
[White "Massoni Michael"]
[Black "Giraud Aymeric"]
[Result "1-0"]
[WhiteElo "1990"]
[BlackElo "1620"]
[PlyCount "53"]
[EventDate "2004.??.??"]
[Source "www.chesslib.no"]
[SourceDate "2004.05.04"]

1. e4 e5 2. Nf3 Nf6 3. d4 exd4 4. e5 Nd5 5. Qxd4 c6 6. Bd3 Be7 7. O-O O-O 8. Bd2 Qb6 9. Qe4 g6 10. b3 d6 11. Nc3 Nb4 12. exd6 Bxd6 13. Bh6 Rd8 14. Bg5 Rf8 15. Bf6 Nxd3 16. Qxd3 Qc5 17. Ne4 Qf5 18. Nh4 Qe6 19. Qxd6 Qxe4 20. Rad1 Nd7 21. Rfe1 Qxc2 22. Be7 Re8 23. Bg5 Rxe1+ 24. Rxe1 Qc3 25. Re8+ Kg7 26. Nf5+ gxf5 27. Qh6# 1-0

[Event "Hamburg (12.11.-16.11)"]
[Site "?"]
[Date "2004.11.13"]
[Round "3"]
[White "Schulz Wolfgang"]
[Black "Tost Guenther"]
[Result "1-0"]
[WhiteElo "2131"]
[BlackElo "1464"]
[PlyCount "31"]
[EventDate "2004.??.??"]
[Source "www.chesslib.no"]
[SourceDate "2004.05.04"]

1. e4 e5 2. Nf3 Nf6 3. d4 exd4 4. e5 Qe7 5. Be2 Ng4 6. O-O Qc5 7. Bd3 Be7 8. Re1 Nc6 9. Bf4 O-O 10. Nbd2 g5 11. Bxh7+ Kxh7 12. Ne4 Qc4 13. b3 Qa6 14. Nfxg5+ Kg7 15. Qxg4 Nxe5 16. Ne6+ 1-0

[Event "Tancat C"]
[Site "Castelldefels"]
[Date "2001.??.??"]
[Round "3"]
[White "Vidal Matos, Ricardo"]
[Black "Dominguez Pons, Eric"]
[Result "1-0"]
[WhiteElo "1845"]
[BlackElo "1750"]
[PlyCount "45"]
[EventDate "2001.05.??"]
[Source "www.chesslib.no"]
[SourceDate "2004.05.04"]

1. e4 e5 2. Nf3 Nf6 3. d4 exd4 4. e5 Qe7 5. Bd3 d6 6. O-O dxe5 7. Nxe5 Qd6 8. Re1 Be7 9. Qf3 O-O 10. Bf4 Qb4 11. Nd2 Be6 12. Ne4 Nxe4 13. Qxe4 f5 14. Qe2 Qc5 15. Nf3 Rf6 16. Ng5 Bd5 17. Qxe7 Qxe7 18. Rxe7 Nc6 19. Rxc7 Nb4 20. Nf3 Nxd3 21. cxd3 Rg6 22. Nh4 Rg4 23. g3 1-0

[Event "Germany"]
[Site "?"]
[Date "2004.11.06"]
[Round "3.7"]
[White "Simon Roland"]
[Black "Schley Alfred"]
[Result "1-0"]
[WhiteElo "1806"]
[BlackElo "1764"]
[PlyCount "96"]
[EventDate "2004.??.??"]
[Source "www.chesslib.no"]
[SourceDate "2004.05.04"]

1. e4 e5 2. Nf3 Nf6 3. d4 exd4 4. Qxd4 Nc6 5. Qa4 Bc5 6. Bd3 O-O 7. O-O d6 8. c3 Bg4 9. Nbd2 Qe7 10. b4 Bb6 11. b5 Ne5 12. Nxe5 Qxe5 13. Qc2 Qh5 14. Nc4 Bc5 15. Be3 Nd7 16. Bd4 Be6 17. Ne3 Ne5 18. Be2 Qh6 19. Rad1 Nd7 20. f4 Bxd4 21. cxd4 Nf6 22. e5 Nd5 23. Nxd5 Bxd5 24. Bc4 Bxc4 25. Qxc4 Rac8 26. Rc1 Qe6 27. d5 Qe7 28. Rfe1 dxe5 29. fxe5 Rfe8 30. a4 Kf8 31. Qd4 Rcd8 32. Re3 Qg5 33. Qc5+ Qe7 34. Qxc7 Rxd5 35. e6 f6 36. Qf4 Red8 37. h3 Rd1+ 38. Re1 Rxe1+ 39. Rxe1 Qc5+ 40. Kh1 Ke7 41. Qe4 Rd5 42. Qxh7 Rg5 43. Qg8 Qf2 44. Qf7+ Kd6 45. Qd7+ Kc5 46. Qc7+ Kd5 47. Rd1+ Ke4 48. Qc4+ Ke5 1-0

[Event "France"]
[Site "?"]
[Date "1998.04.25"]
[Round "4"]
[White "Wever, Dennis"]
[Black "Medina, Edgardo"]
[Result "1-0"]
[WhiteElo "1815"]
[BlackElo "1700"]
[PlyCount "109"]
[EventDate "1998.??.??"]
[Source "www.chesslib.no"]
[SourceDate "2004.05.04"]

1. e4 e5 2. Nf3 Nf6 3. d4 exd4 4. e5 Nd5 5. Qxd4 c6 6. Bc4 Qb6 7. Qxb6 axb6 8. O-O Na6 9. Nbd2 Nac7 10. Bb3 b5 11. Ne4 Be7 12. Nd6+ Bxd6 13. exd6 Ne6 14. Bxd5 cxd5 15. Rd1 O-O 16. Rxd5 b4 17. Rb5 Ra6 18. Bd2 Rc6 19. Rc1 Re8 20. Bxb4 Nf4 21. Nd4 Ra6 22. a3 b6 23. Re1 Ne6 24. f4 Kf8 25. Nxe6+ fxe6 26. f5 Kf7 27. Rbe5 g6 28. fxe6+ dxe6 29. Rf1+ Kg7 30. Bc3 Kg8 31. Rf6 b5 32. Bb4 Kg7 33. Rf2 Bd7 34. Bc3 Kg8 35. Rc5 Rxd6 36. Bb4 Rd1+ 37. Rf1 Rxf1+ 38. Kxf1 Rf8+ 39. Ke1 Rf5 40. Rc7 Rd5 41. b3 e5 42. c4 bxc4 43. bxc4 Rd3 44. c5 Kf7 45. c6 Ke6 46. cxd7 Rxd7 47. Rxd7 Kxd7 48. Ke2 Kc6 49. Ke3 Kd5 50. g3 g5 51. h3 h5 52. g4 hxg4 53. hxg4 Kc4 54. Ke4 Kb3 55. Kxe5 1-0

[Event "Mallorca-ch D2"]
[Site "?"]
[Date "2000.10.21"]
[Round "1"]
[White "Alberti Tomas Pau Joan"]
[Black "Castell Andreu"]
[Result "1-0"]
[WhiteElo "1907"]
[BlackElo "1538"]
[PlyCount "127"]
[EventDate "2000.??.??"]
[Source "www.chesslib.no"]
[SourceDate "2004.05.04"]

1. e4 e5 2. Nf3 Nf6 3. d4 exd4 4. e5 Qe7 5. Bb5 a6 6. Be2 Ng8 7. Qxd4 Nc6 8. Qe3 d6 9. exd6 Qxe3 10. Bxe3 Bxd6 11. Nc3 Nf6 12. Nd4 Ng4 13. Bxg4 Bxg4 14. Nxc6 bxc6 15. f3 Be6 16. O-O O-O 17. Ne4 Be5 18. c3 Rfd8 19. a3 Rd5 20. f4 Bd6 21. Rad1 Rd8 22. Rxd5 cxd5 23. Nc5 Bc8 24. Re1 Re8 25. Kf2 c6 26. Nd3 a5 27. Bb6 Rxe1 28. Kxe1 a4 29. g3 f6 30. Kd2 Kf7 31. Nc5 Bxc5 32. Bxc5 Ke6 33. Ke3 Kf5 34. Kf3 Kg6 35. g4 f5 36. h3 h5 37. gxh5+ Kxh5 38. Be7 Kg6 39. Ke3 Kf7 40. Bb4 Kf6 41. Kd4 Ba6 42. Bd6 g5 43. fxg5+ Kxg5 44. Be7+ Kf4 45. Bd6+ Kg5 46. Ke5 Kh4 47. Kxf5 Kxh3 48. Ke5 Kg2 49. Kd4 Kf3 50. Kc5 Bb5 51. Kb4 Ke3 52. b3 axb3 53. Kxb3 Kd3 54. Bc5 Bc4+ 55. Kb4 Bb5 56. Bd4 Ba6 57. a4 Kc2 58. Ka5 Bc4 59. Kb6 Kb3 60. a5 Bb5 61. a6 Bxa6 62. Kxa6 c5 63. Kb5 cxd4 64. cxd4 1-0